| 000 | 00666nam a22001577a 4500 | ||
|---|---|---|---|
| 003 | LRUA | ||
| 005 | 20191230144914.0 | ||
| 008 | 191230b xxu||||| |||| 00| 0 eng d | ||
| 040 | _cRUA | ||
| 082 | _aAVM OEU 2018 B654 Or.1 | ||
| 100 |
_914101 _aEOURN KANAN អឿន កាណាន់ |
||
| 245 | _anematodes in cattle at krang ampel commune, samraong tong district, kampong speu province nematodes ក្នុងក្រពះពោះវៀនគោនៅឃុំក្រាំងអំពិល ស្រុកសំរោងទង ខេត្តកំពងស្ពឺ | ||
| 260 |
_aRUA _bPhnom penh _c2018 |
||
| 300 |
_avii;37p _b29cm |
||
| 942 |
_2ddc _cAVM |
||
| 999 |
_c18647 _d18647 |
||